| 000 | 00849nam a2200289 i 4500 | ||
|---|---|---|---|
| 001 | bg | ||
| 100 | 1 | _aHAVILAND, Keith | |
| 245 | 1 | 0 |
_aUNIX : _bprogramowanie systemowe / _cKeith Haviland, Dina Gray, Salama Ben. |
| 246 |
_iTyt. oryg.: _aUNIX system programming |
||
| 260 |
_aWarszawa : _bWydaw. RM, _c1999. |
||
| 300 |
_a334 s. ; _c24 cm. |
||
| 490 | 1 | _aProgramowanie | |
| 500 | _aOryg.: "UNIX system programming". | ||
| 650 | 9 | _aUNIX | |
| 655 | _aPodręczniki | ||
| 700 | 1 | _aGRAY, Dina | |
| 700 | 1 | _aSALAMA, Ben | |
| 830 | _aProgramowanie | ||
| 020 | _a8372430160 | ||
| 040 | _cBPK | ||
| 041 | 1 |
_apl _ben |
|
| 080 | _a004.451(07) | ||
| 920 | _a83-7243-016-0 | ||
| 942 | _cKS | ||
| 008 | s pl f |000 0 pol | ||
| 856 |
_uhttp://koha.tu.koszalin.pl/cgi-bin/koha/opac-detail.pl?biblionumber=35762 _yKatalog online BPK |
||
| 999 |
_c35762 _d35762 |
||